|
|
|
|
| LEADER |
01506nam a2200385 a 4500 |
| 001 |
EBC3399169 |
| 003 |
MiAaPQ |
| 005 |
20200520144314.0 |
| 006 |
m o d | |
| 007 |
cr cn||||||||| |
| 008 |
130504s2009 fr ab sb 000 0 fre d |
| 020 |
|
|
|z 9782759203451
|
| 020 |
|
|
|a 9782759203468 (electronic bk.)
|
| 035 |
|
|
|a (MiAaPQ)EBC3399169
|
| 035 |
|
|
|a (Au-PeEL)EBL3399169
|
| 035 |
|
|
|a (CaPaEBR)ebr10688658
|
| 035 |
|
|
|a (OCoLC)923345749
|
| 040 |
|
|
|a MiAaPQ
|c MiAaPQ
|d MiAaPQ
|
| 043 |
|
|
|a e-fr---
|
| 050 |
|
4 |
|a SH270.B7
|b P43 2009
|
| 245 |
0 |
4 |
|a Les peches cotieres bretonnes
|h [electronic resource] :
|b Methodes d'analyse et amenagement /
|c Catherine Talidec, Jean Boncur, Jean-Pierre Boude, coordinateurs.
|
| 260 |
|
|
|a Versailles :
|b Editions Qu,
|c 2009.
|
| 300 |
|
|
|a 225 p. :
|b col. ill., col. maps.
|
| 490 |
1 |
|
|a Collection update sciences & technologies,
|x 1773-7923
|
| 504 |
|
|
|a Includes bibliographical references.
|
| 533 |
|
|
|a Electronic reproduction. Ann Arbor, MI : ProQuest, 2015. Available via World Wide Web. Access may be limited to ProQuest affiliated libraries.
|
| 650 |
|
0 |
|a Fisheries
|z France
|z Brittany.
|
| 650 |
|
0 |
|a Aquaculture
|z France
|z Brittany.
|
| 655 |
|
4 |
|a Electronic books.
|
| 700 |
1 |
|
|a Talidec, Catherine.
|
| 700 |
1 |
|
|a Boncur, Jean.
|
| 700 |
1 |
|
|a Bounde, Jean-Pierre.
|
| 710 |
2 |
|
|a ProQuest (Firm)
|
| 830 |
|
0 |
|a Collection update sciences & technologies.
|
| 856 |
4 |
0 |
|u https://ebookcentral.proquest.com/lib/matrademy/detail.action?docID=3399169
|z Click to View
|